Warrior Cats Names '-tail' - Statistics

General Stats
  • This quiz has been taken 375 times
    348 since last reset
  • The average score is 12 of 63
Answer Stats
Clan Name % Correct
ThunderClan Longtail
66%
WindClan Talltail
58%
ThunderClan Cloudtail
56%
ThunderClan Redtail
54%
ThunderClan Sorreltail
42%
ShadowClan Whitetail
41%
WindClan Whitetail
41%
ShadowClan Flametail
38%
ShadowClan Brokentail
37%
ThunderClan Dappletail
36%
RiverClan Feathertail
36%
ThunderClan Stormtail
35%
WindClan Heathertail
34%
ThunderClan Halftail
33%
WindClan Leaftail
29%
ThunderClan Speckletail
28%
WindClan Gorsetail
27%
ShadowClan Darktail
26%
SkyClan Cherrytail
23%
ShadowClan Rippletail
23%
RiverClan Rippletail
23%
ThunderClan Rosetail
22%
ShadowClan Ivytail
21%
RiverClan Ivytail
21%
ShadowClan Crowtail
20%
ThunderClan Hazeltail
19%
ShadowClan Needletail
17%
RiverClan Reedtail
15%
ShadowClan Snaketail
15%
WindClan Stonetail
15%
WindClan Swallowtail
15%
SkyClan Clovertail
13%
RiverClan Minnowtail
13%
ShadowClan Stumpytail
12%
ThunderClan Lightningtail
11%
ShadowClan Pouncetail
11%
RiverClan Pouncetail
11%
ThunderClan Rooktail
11%
ShadowClan Sparrowtail
11%
ThunderClan Beetail
10%
WindClan Acorntail
9%
WindClan Daisytail
9%
RiverClan Fallowtail
9%
RiverClan Kinktail
9%
WindClan Rushtail
8%
RiverClan Rushtail
8%
SkyClan Buzzardtail
7%
RiverClan Lizardtail
7%
WindClan Rabbittail
7%
ThunderClan Thistletail
7%
RiverClan Aspentail
6%
ShadowClan Frogtail
6%
SkyClan Honeytail
6%
ShadowClan Shredtail
6%
ShadowClan Sunnytail
6%
ThunderClan Vinetail
6%
RiverClan Mallowtail
5%
WindClan Sheeptail
5%
WindClan Woollytail
5%
RiverClan Eeltail
4%
SkyClan Twigtail
4%
ShadowClan Wasptail
4%
RiverClan Spiketail
1%
No matching quizzes found
Score Distribution
Percent of People with Each Score
Percentile by Number Answered
Your Score History
You have not taken this quiz since the last reset